00357nam a2200109Ia 4500008004100000040001700041041001200058082002200070100001800092245012600110300001100236230917s9999||||xx |||||||||||||| ||und|| e107237aMAIN aEnglish a910.13014494 S81S aSativer Singh 0aSocio - economics status of scheduled castes in rural Haryana : A case study of Rohtak District in Geographic perspective a143 p.